| 000 | 00575 a2200169 4500 | ||
|---|---|---|---|
| 999 |
_c332270 _d332270 |
||
| 003 | NUST | ||
| 005 | 20171122103121.0 | ||
| 008 | 160518b xxu||||| |||| 00| 0 eng d | ||
| 040 | _c0 | ||
| 082 | _a907.2 GAL | ||
| 100 |
_aGALBRAITH,V.H. _96640 |
||
| 245 |
_aAN INTRODUCTION TO THE STUDY OF HISTORY _cV.H.GALBRAITH |
||
| 260 |
_aISLAMABAD _bNATIONAL BOOK FOUNDATION ISLAMABAD _c1963 |
||
| 300 |
_a143p. _bHB |
||
| 500 | _aH.B | ||
| 942 |
_cBK _kIESE _2ddc |
||